<?xml version="1.0" encoding="UTF-8"?>
<record
    xmlns:xsi="http://www.w3.org/2001/XMLSchema-instance"
    xsi:schemaLocation="http://www.loc.gov/MARC21/slim http://www.loc.gov/standards/marcxml/schema/MARC21slim.xsd"
    xmlns="http://www.loc.gov/MARC21/slim">

  <leader>00276nam a2200121Ia 4500</leader>
  <controlfield tag="008">221102s9999    xx            000 0 und d</controlfield>
  <datafield tag="041" ind1=" " ind2=" ">
    <subfield code="a">eng</subfield>
  </datafield>
  <datafield tag="082" ind1=" " ind2=" ">
    <subfield code="b">Rag</subfield>
  </datafield>
  <datafield tag="100" ind1=" " ind2=" ">
    <subfield code="a">Raghukul  Tilak</subfield>
  </datafield>
  <datafield tag="245" ind1=" " ind2=" ">
    <subfield code="a">As  You  Like  it</subfield>
  </datafield>
  <datafield tag="250" ind1=" " ind2=" ">
    <subfield code="a">11</subfield>
  </datafield>
  <datafield tag="260" ind1=" " ind2=" ">
    <subfield code="b">Rama  Brothers</subfield>
    <subfield code="c">1905-07-01</subfield>
  </datafield>
  <datafield tag="999" ind1=" " ind2=" ">
    <subfield code="c">81996</subfield>
    <subfield code="d">81996</subfield>
  </datafield>
  <datafield tag="952" ind1=" " ind2=" ">
    <subfield code="0">0</subfield>
    <subfield code="1">0</subfield>
    <subfield code="4">0</subfield>
    <subfield code="7">0</subfield>
    <subfield code="8">BA</subfield>
    <subfield code="a">BCAS</subfield>
    <subfield code="b">BCAS</subfield>
    <subfield code="d">2021-07-23</subfield>
    <subfield code="o">RAG</subfield>
    <subfield code="p">BCAS-B-537</subfield>
    <subfield code="r">2022-11-04 00:00:00</subfield>
    <subfield code="w">2022-11-04</subfield>
    <subfield code="y">BK</subfield>
    <subfield code="z">B00537</subfield>
  </datafield>
  <datafield tag="952" ind1=" " ind2=" ">
    <subfield code="0">0</subfield>
    <subfield code="1">0</subfield>
    <subfield code="4">0</subfield>
    <subfield code="7">0</subfield>
    <subfield code="8">BA</subfield>
    <subfield code="a">BCAS</subfield>
    <subfield code="b">BCAS</subfield>
    <subfield code="d">2021-07-23</subfield>
    <subfield code="o">RAG</subfield>
    <subfield code="p">BCAS-B-538</subfield>
    <subfield code="r">2022-11-04 00:00:00</subfield>
    <subfield code="w">2022-11-04</subfield>
    <subfield code="y">BK</subfield>
    <subfield code="z">B00538</subfield>
  </datafield>
  <datafield tag="952" ind1=" " ind2=" ">
    <subfield code="0">0</subfield>
    <subfield code="1">0</subfield>
    <subfield code="4">0</subfield>
    <subfield code="7">0</subfield>
    <subfield code="8">BA</subfield>
    <subfield code="a">BCAS</subfield>
    <subfield code="b">BCAS</subfield>
    <subfield code="d">2021-07-23</subfield>
    <subfield code="o">RAG</subfield>
    <subfield code="p">BCAS-B-539</subfield>
    <subfield code="r">2022-11-04 00:00:00</subfield>
    <subfield code="w">2022-11-04</subfield>
    <subfield code="y">BK</subfield>
    <subfield code="z">B00539</subfield>
  </datafield>
  <datafield tag="952" ind1=" " ind2=" ">
    <subfield code="0">0</subfield>
    <subfield code="1">0</subfield>
    <subfield code="4">0</subfield>
    <subfield code="7">0</subfield>
    <subfield code="8">BA</subfield>
    <subfield code="a">BCAS</subfield>
    <subfield code="b">BCAS</subfield>
    <subfield code="d">2021-07-23</subfield>
    <subfield code="o">RAG</subfield>
    <subfield code="p">BCAS-B-540</subfield>
    <subfield code="r">2022-11-04 00:00:00</subfield>
    <subfield code="w">2022-11-04</subfield>
    <subfield code="y">BK</subfield>
    <subfield code="z">B00540</subfield>
  </datafield>
</record>
